000 00287cam a22001097a 4500
008 180718b1976 xxu||||| |||| 00| 0 eng d
082 _aI548 Am35
245 _aFreedom of the Press
260 _aWashington, D.C.
_bAEI for Public Policy Research
_c1976
300 _a101p.
650 _aPress
999 _c339425
_d339425